Most Popular Video Games of 2013 - Statistics

General Stats
  • This quiz has been taken 504 times
  • The average score is 6 of 15
Answer Stats
Hint Answer % Correct
Three criminals in Los Santos Grand Theft Auto 5
89%
Known as Dark Knight; Popular superhero Batman: Arkham Origins
85%
Popular First Person Shooter game Call of Duty: Ghosts
76%
Lara Croft; an original (first) Playstation game Tomb Raider
65%
Pandemic changes civilization; infected humans and survivors fighting for food The Last of Us
56%
FPS; NOT Call of Duty Battlefield 4
40%
Many games in series; Assassin Assassins Creed IV: Black Flag
38%
FPS; play as detective Booker Dewitt BioShock Infinite
37%
Childen's game based off Disney characters Disney Infinity
25%
Made of Legos and has superheroes (marvel) Lego Marvel Super Heroes
25%
Wrestling game made by 2k WWE 2k14
24%
Young woman who possess supernatural powers Beyond: Two Souls
18%
Alternate universe; superhero kills pregnant wife Injustice: Gods Among Us
15%
Simliar to the Grand Theft Auto series Saints Row IV
11%
SCFI video game Stargate SG-1: Unleashed
0%
No matching quizzes found
Score Distribution
Percent of People with Each Score
Percentile by Number Answered
Your Score History
You have not taken this quiz